000 00276nam a2200121Ia 4500
100 _aMcfaddon/ Hoffer/J.A
942 _cRB
654 _adatabase
245 _aModern Database Management
260 _bBenjamain
_aCalifornia
_c1993
082 _a5.7406
_bMCF
546 _aENGLISH
999 _c22957
_d22957